Rainbow six seige - Statistics

General Stats
  • This quiz has been taken 223 times
  • The average score is 9 of 15
Answer Stats
Hint Answer % Correct
Airjabs Nomad
85%
Heals teammates. On defence Doc
83%
Grappaling hook Amaru
80%
Throws down spike mats. On attack Gridlock
78%
The defender who can jump up to hatches Oryx
76%
The first attacker to go through reinforcements Thermite
74%
Sends out fake copies of herself Iana
68%
A Brazilian map Favela
66%
Breaching Charges Ash
63%
The original 1v1 map House
63%
A map with a submarine Kanal
60%
Interrogation Caviera
51%
A attacker that places drones with a lazer shot Zero
43%
Rooks ability Armor plates
26%
Kafe Kafe Dostoyevsky
10%
No matching quizzes found
Score Distribution
Percent of People with Each Score
Percentile by Number Answered
Your Score History
You have not taken this quiz